Name Dropping #46: Best Actress Oscars (1961-1970) - Statistics

General Stats
  • This quiz has been taken 25 times
  • The average score is 16 of 21
Answer Stats
Hint Extra Hint Answer % Correct
Goldie BSA, 1969, Cactus Flower Hawn
94%
Sophia BA, 1961, Two Women Loren
94%
Rita BSA, 1961, West Side Story Moreno
94%
Maggie BA, 1969, The Prime of Miss Jean Brodie Smith
94%
Barbra BA, 1968, Funny Girl Streisand
94%
Elizabeth BA, 1966, Who's Afraid of Virginia Woolf? Taylor
94%
Julie BA, 1964, Mary Poppins Andrews
88%
Anne BA, 1962, The Miracle Worker Bancroft
88%
Katharine BA, 1967, Guess Who's Coming to Dinner Hepburn
88%
Katharine BA, 1968, The Lion in Winter Hepburn
88%
Shelley BSA, 1965, A Patch of Blue Winters
88%
Patty BSA, 1962, The Miracle Worker Duke
76%
Julie BA, 1965, Darling Christie
65%
Helen BSA, 1970, Airport Hayes
65%
Glenda BA, 1970, Women in Love Jackson
65%
Patricia BA, 1963, Hud Neal
65%
Sandy BSA, 1966, Who's Afraid of Virginia Woolf? Dennis
59%
Ruth BSA, 1968, Rosemary's Baby Gordon
59%
Lila BSA, 1964, Zorba the Greek Kedrova
53%
Margaret BSA, 1963, The V.I.P.s Rutherford
53%
Estelle BSA, 1967, Bonnie and Clyde Parsons
47%
No matching quizzes found
Score Distribution
Percent of People with Each Score
Percentile by Number Answered
Your Score History
You have not taken this quiz